000
00508nam a2200145Ia 4500
008
151213s9999 xx 000 0 und d
100
_a
সাজাহান সাকিদার।
245
_a
আঁকাবাঁকা এই পথ।
_c
সাজাহান সাকিদার।
260
_a
ঢাকা
_b
জনান্তিক
_c
2008
300
_a
8736 p.
650
_a
Bangla
650
_a
উপন্যাস
700
_a
সাজাহান সাকিদার।
999
_c
4521
_d
4521